[Event "74. C.to Provinciale VE"]
[Site "Marghera ITA"]
[Date "2014.01.26"]
[Round "4.1"]
[White "Xia, Jie"]
[Black "Ballarin, Gabriele"]
[Result "1-0"]
[WhiteElo "2259"]
[BlackElo "1886"]
[Annotator "Gabriele Ballarin"]
[PlyCount "129"]
[EventDate "2014.01.24"]
[EventType "swiss"]
[EventRounds "1"]
[EventCountry "ITA"]
[SourceTitle "EXT 2013"]
[Source "ChessBase"]
[SourceDate "2012.11.22"]
[SourceVersion "1"]
[SourceVersionDate "2012.11.22"]
[SourceQuality "1"]

{[%mdl 8192] C41: Difesa Philidor} 1. Nf3 d6 2. d4 Nf6 3. g3 Nbd7 4. Nc3 e5 5. Bg2 Be7 6. O-O O-O 7. e4 c6 8. a4 a5 9. h3 {Ultima mossa libro} exd4 10. Nxd4 {Il Nero ha una posizione ristretta. Il pezzo del Nero non può essere mosso: c8} Nc5 11. f4 Be6 (11... Re8 12. b3 $11) 12. Kh2 {La posizione del Bianco è attiva} Bc4 {Il Nero minaccia di guadagnare materiale: Ac4xf1} 13. Re1 Qb6 $4 (13... Re8 14. b3 Ba6 15. Bb2 $14) 14. Be3 $4 {il Bianco perde un'opportunità} (14. Nf5 $142 {avrebbe dato vantaggio al Bianco} Rfe8 15. e5 $18) 14... Rfd8 (14... g6 $5 $14) 15. Nf5 $16 Bf8 16. Bd4 Ne8 {La posizione del Bianco è attiva} (16... Qxb2 $4 {Prendere quel pedone è da ingenui} 17. Nd5 Qxd4 18. Nde7+ Kh8 19. Qxd4 $18) 17. Ne3 {Il Bianco minaccia di guadagnare materiale: Ce3xc4} Ba6 18. f5 {Il Bianco ha un pedone arretrato: e4. Il pezzo del Nero non può essere mosso: a6} Qc7 {Il Nero ha una posizione ristretta. Il pezzo del Nero non può essere mosso: a6} (18... Qxb2 $4 {Quel pedone è avvelenato} 19. Ncd5 Qxa1 20. Qxa1 cxd5 21. Bxc5 (21. Nxd5 $143 Nd7 $18) (21. exd5 $143 b5 $18) 21... dxc5 22. Nxd5 $18) 19. Qh5 {La sicurezza del re Nero diminuisce} (19. Bf1 Bxf1 20. Rxf1 Be7 $11) 19... Nd7 $11 20. Ng4 Ne5 {Il cavallo sta proprio bene in e5} 21. Rad1 (21. Qg5 Nxg4+ 22. Qxg4 Be7 $11) 21... Qe7 (21... Be7 $5 $11) 22. Qh4 $14 Qxh4 23. gxh4 f6 {Il Nero ha una posizione ristretta} (23... Nd7 24. h5 $14) 24. Bb6 {Il Bianco minaccia di guadagnare materiale: Ab6xd8} Rdc8 (24... Rd7 25. Nxe5 (25. Bxa5 $143 Nc4 $15) 25... fxe5 26. Bxa5 $14) 25. Nxe5 (25. b3 g6 26. fxg6 hxg6 27. Bxa5 b5 $16) 25... fxe5 $14 26. Bxa5 {Il Nero ha una posizione ristretta} Be7 {Il Nero minaccia di guadagnare materiale: Ae7xh4} 27. Kg3 {La sicurezza del re Bianco diminuisce} Nf6 {In puro stile Nimzowitsch} 28. Bf3 Bc4 29. Bb4 {Il Bianco minaccia di guadagnare materiale: Ab4xd6} Rd8 30. Rd2 Bf7 31. Re3 (31. Ba3 Be8 $14) 31... Kf8 (31... c5 32. Ba3 Be8 33. b4 $11) 32. b3 {Protegge c4} (32. Ba3 b6 $14) 32... b6 {Assicura a5+c5} (32... b5 33. Ba3 $11 (33. axb5 $143 c5 34. Bxc5 dxc5 35. Rxd8+ Bxd8 $19)) 33. Re1 (33. Nd1 c5 34. Bc3 g6 $14) 33... Ra7 {La posizione del Bianco è attiva} 34. Red1 Ne8 (34... d5 35. Bxe7+ Rxe7 36. Re1 $14) 35. Nb1 (35. Ba3 Rad7 $14) 35... Rb7 (35... c5 $5 {sembra essere meritevole} 36. Ba3 c4 $11) 36. Na3 $14 Ra7 37. Nb1 {Doppia Ripetizione} (37. Rd3 Rad7 $14) 37... Rad7 (37... Rb7 38. Bc3 Rc8 39. Re1 $14) 38. c4 $14 Nf6 39. Nc3 Ke8 40. Ba3 Nh5+ 41. Bxh5 Bxh5 {Il Nero ha la coppia degli Alfieri} 42. Rc1 g5 (42... g6 43. Rf1 $14) 43. fxg6 (43. Rg2 gxh4+ 44. Kf2 Bf7 $14) 43... Bxg6 $14 {Il Nero ha una posizione ristretta. .} 44. Rf2 Bf8 45. Rcf1 Rf7 46. Bc1 Rdd7 47. Be3 Rb7 48. Rxf7 Bxf7 49. Bg5 Bg7 50. Rd1 {Il Bianco minaccia di guadagnare materiale: Td1xd6} Kd7 51. Rd3 Kc7 (51... Bh5 {[%emt 0:00:18]}) 52. Be7 (52. Kg2 $142 $14) 52... d5 $4 {c'erano modi migliori per mantenere la pressione} (52... Kc8 $142 {poteva tenere} 53. Bg5 Kc7 $14) 53. cxd5 $18 cxd5 (53... Kd7 54. Bg5 $18) 54. Nxd5+ (54. exd5 $6 Kc8 55. Bg5 Rd7 $16) 54... Kc6 (54... Kb8 55. Bd6+ Ka7 56. Nc7 $18) 55. Bb4 (55. Nb4+ Kc7 56. Na6+ Kc6 57. Rd6#) 55... Bg6 $4 {un buco nero per il Nero} (55... Rd7 56. Ne7+ Kc7 57. Rc3+ Kb7 $18) 56. Ne7+ Rxe7 57. Bxe7 Bxe4 (57... Bh6 {non aiuta molto} 58. Kf3 $18) 58. Rd6+ Kc7 59. h5 h6 60. Rd8 Bh7 61. Rd1 e4 (61... Kc6 {non offre miglioramenti} 62. Bd8 Bf8 63. Rc1+ Kd5 64. Bxb6 $18) 62. Bd6+ Kc6 63. Bf4 Bf8 (63... e3 {non è di molto aiuto} 64. Rc1+ Kd5 65. Bxe3 $18) 64. Rd8 (64. Rc1+ $142 {stende l'avversario} Kd5 65. Rc7 e3 66. Rxh7 Ke4 $18) 64... Bc5 65. Bxh6 1-0

[Event "74. C.to Provinciale VE"]
[Site "Marghera ITA"]
[Date "2014.01.26"]
[Round "4.2"]
[White "Mileto, Gabriele"]
[Black "Zamengo, Fulvio"]
[Result "1/2-1/2"]
[WhiteElo "2158"]
[BlackElo "2140"]
[Annotator "Gabriele Ballarin"]
[PlyCount "71"]
[EventDate "2014.01.24"]
[EventType "swiss"]
[EventRounds "1"]
[EventCountry "ITA"]
[SourceTitle "EXT 2012"]
[Source "ChessBase"]
[SourceDate "2011.11.24"]
[SourceVersion "1"]
[SourceVersionDate "2011.11.24"]
[SourceQuality "1"]

1. c4 Nf6 2. g3 g6 3. Bg2 Bg7 4. Nc3 O-O 5. e4 c5 6. Nge2 Nc6 7. O-O d6 8. d3 Ne8 9. Be3 Nc7 10. d4 cxd4 11. Nxd4 Ne5 12. b3 Ng4 13. Bc1 Ne6 14. Nde2 Qa5 15. Bd2 Nf6 16. Rc1 Qh5 17. h3 Nc5 18. Nf4 Qxd1 19. Rfxd1 e5 20. Nfd5 Nxd5 21. Nxd5 Ne6 22. Be3 Rd8 23. f4 Bh6 24. Kf2 b6 25. fxe5 Bxe3+ 26. Kxe3 dxe5 27. Ne7+ Kf8 28. Nc6 Rxd1 29. Rxd1 f6 30. Rf1 Kg7 31. Rd1 Nf8 32. Rd8 a5 33. Ne7 Bb7 34. Rxa8 Bxa8 35. h4 Bb7 36. Bh3 1/2-1/2

[Event "74. C.to Provinciale VE"]
[Site "Marghera ITA"]
[Date "2014.01.26"]
[Round "4.3"]
[White "Zamengo, Bruno"]
[Black "Boscolo, Marco"]
[Result "0-1"]
[WhiteElo "1949"]
[BlackElo "2128"]
[Annotator "Gabriele Ballarin"]
[PlyCount "80"]
[EventDate "2014.01.24"]
[EventType "swiss"]
[EventRounds "1"]
[EventCountry "ITA"]
[SourceTitle "EXT 2013"]
[Source "ChessBase"]
[SourceDate "2012.11.22"]
[SourceVersion "1"]
[SourceVersionDate "2012.11.22"]
[SourceQuality "1"]

1. e4 Nc6 2. Nf3 e5 3. Bb5 a6 4. Ba4 Nf6 5. O-O Be7 6. Re1 b5 7. Bb3 O-O 8. a4 Bb7 9. d3 d6 10. a5 Nb8 11. Nc3 c5 12. Bg5 Nbd7 13. Ne2 Nh5 14. Be3 Rc8 15. Nc3 Nhf6 16. Nd2 Nb8 17. f4 Nc6 18. Nd5 Nxd5 19. Bxd5 exf4 20. Bxf4 Bf6 21. c3 Ba8 22. Rf1 Ne7 23. Bb3 Ng6 24. Be3 Qe7 25. Qc2 d5 26. Rae1 c4 27. dxc4 dxc4 28. Ba2 Rfd8 29. Bb1 Be5 30. Nf3 Bc7 31. Ng5 Ne5 32. Qf2 h6 33. Nf3 Ng4 34. Qc2 Bxe4 35. Qc1 Bxb1 36. Bd4 Qd6 37. Qxb1 Nxh2 38. Qf5 Nxf3+ 39. Qxf3 Qh2+ 40. Kf2 Qf4 0-1

[Event "74. C.to Provinciale VE"]
[Site "Marghera ITA"]
[Date "2014.01.26"]
[Round "4.4"]
[White "Fornaro, Massimo"]
[Black "Donzella, Daniele"]
[Result "0-1"]
[WhiteElo "1440"]
[BlackElo "1500"]
[Annotator "Gabriele Ballarin"]
[PlyCount "95"]
[EventDate "2014.01.24"]
[EventType "swiss"]
[EventRounds "1"]
[EventCountry "ITA"]
[SourceTitle "EXT 2012"]
[Source "ChessBase"]
[SourceDate "2011.11.24"]
[SourceVersion "1"]
[SourceVersionDate "2011.11.24"]
[SourceQuality "1"]

1. d4 d5 2. e3 e6 3. Nf3 Nf6 4. c4 c6 5. c5 a6 6. b4 Nbd7 7. h3 h6 8. Be2 b5 9. O-O h5 10. Qc2 Ng4 11. Nh2 f5 12. Nd2 Qc7 13. Bxg4 hxg4 14. f4 gxh3 15. Ndf3 Qd8 16. Rf2 Nf6 17. Ng5 Ne4 18. Nxe4 dxe4 19. g3 Qf6 20. Nf1 g5 21. Rh2 Qg7 22. Bb2 Be7 23. Rd1 Bf6 24. Rhd2 Bb7 25. Kh2 gxf4 26. exf4 O-O-O 27. Qb3 Kd7 28. a4 Ra8 29. a5 Ke7 30. Qe3 Rad8 31. Qg1 Rd5 32. Re1 Rhd8 33. Ree2 Bxd4 34. Bxd4 Rxd4 35. Rxd4 Rxd4 36. Rd2 Rxb4 37. Kxh3 Rb1 38. Qf2 Qh8+ 39. Kg2 Rb3 40. Rc2 Rf3 41. Qe2 Rd3 42. Qe1 Qd4 43. Qf2 Qxf2+ 44. Kxf2 Kf6 45. Rd2 e3+ 46. Ke2 exd2 47. Nxd2 Rxd2+ 48. Kxd2 0-1

[Event "74. C.to Provinciale VE"]
[Site "Marghera ITA"]
[Date "2014.01.26"]
[Round "4.5"]
[White "Milan, Maurizio"]
[Black "Jabara, Marco"]
[Result "1/2-1/2"]
[WhiteElo "1509"]
[BlackElo "1440"]
[Annotator "Gabriele Ballarin"]
[PlyCount "68"]
[EventDate "2014.01.24"]
[EventType "swiss"]
[EventRounds "1"]
[EventCountry "ITA"]
[SourceTitle "EXT 2012"]
[Source "ChessBase"]
[SourceDate "2011.11.24"]
[SourceVersion "1"]
[SourceVersionDate "2011.11.24"]
[SourceQuality "1"]

1. d4 d5 2. c4 e6 3. Nf3 Nf6 4. g3 c6 5. cxd5 cxd5 6. Bg2 Nc6 7. O-O Bd6 8. Nc3 Bd7 9. a3 a6 10. b4 a5 11. b5 Ne7 12. a4 Rc8 13. Qb3 Qb6 14. Ba3 Nf5 15. e3 O-O 16. Rac1 Rc7 17. Ne5 Bxa3 18. Qxa3 Nd6 19. Ne2 Rfc8 20. Rxc7 Rxc7 21. Rc1 Nfe8 22. Rc5 f6 23. Nxd7 Rxd7 24. Nf4 Kf7 25. Bh3 f5 26. Bf1 Nf6 27. Qc1 Nfe4 28. Rc2 Ne8 29. Nd3 Ke7 30. f3 Ng5 31. Bg2 Rc7 32. Kf2 Rxc2+ 33. Qxc2 Qd6 34. Qc3 Qc7 1/2-1/2

[Event "74. C.to Provinciale VE"]
[Site "Marghera ITA"]
[Date "2014.01.26"]
[Round "4.6"]
[White "Guidobene, Davide"]
[Black "Anoè, Lorenzo"]
[Result "1-0"]
[WhiteElo "1798"]
[BlackElo "1440"]
[Annotator "Gabriele Ballarin"]
[PlyCount "71"]
[EventDate "2014.01.24"]
[EventType "swiss"]
[EventRounds "1"]
[EventCountry "ITA"]
[SourceTitle "EXT 2013"]
[Source "ChessBase"]
[SourceDate "2012.11.22"]
[SourceVersion "1"]
[SourceVersionDate "2012.11.22"]
[SourceQuality "1"]

1. d4 Nf6 2. c4 d6 3. Nc3 g6 4. e4 Bg7 5. f3 O-O 6. Be3 Nbd7 7. Qd2 c5 8. Nge2 a6 9. Bh6 Bxh6 10. Qxh6 b5 11. dxc5 Nxc5 12. Nf4 b4 13. Ncd5 Nxd5 14. Nxd5 Rb8 15. Be2 f5 16. O-O fxe4 17. fxe4 Nxe4 18. Qe3 Bf5 19. g4 e6 20. Nf4 Qb6 21. Qxb6 Rxb6 22. gxf5 exf5 23. Nd5 Rbb8 24. Bd3 Nd2 25. Rf2 Ne4 26. Bxe4 fxe4 27. Rxf8+ Rxf8 28. Rf1 Rxf1+ 29. Kxf1 Kf7 30. Kf2 g5 31. Ke3 h5 32. Kxe4 Ke6 33. Nc7+ Kf6 34. Nxa6 g4 35. Kf4 b3 36. axb3 1-0

[Event "74. C.to Provinciale VE"]
[Site "Marghera ITA"]
[Date "2014.01.26"]
[Round "4.7"]
[White "Civitareale, Alberto"]
[Black "Restifo Pecorella, Marco"]
[Result "1-0"]
[WhiteElo "1727"]
[BlackElo "1440"]
[Annotator "Gabriele Ballarin"]
[PlyCount "103"]
[EventDate "2014.01.24"]
[EventType "swiss"]
[EventRounds "1"]
[EventCountry "ITA"]
[SourceTitle "EXT 2013"]
[Source "ChessBase"]
[SourceDate "2012.11.22"]
[SourceVersion "1"]
[SourceVersionDate "2012.11.22"]
[SourceQuality "1"]

1. e4 e6 2. d4 d5 3. exd5 exd5 4. Bd3 Nc6 5. c3 Be7 6. Nf3 Bg4 7. Bf4 Bd6 8. Bxd6 Qxd6 9. O-O Nf6 10. Re1+ Ne7 11. Nbd2 O-O 12. Qc2 g6 13. Ne5 Rfe8 14. h3 Bf5 15. Ndf3 Nd7 16. Re2 f6 17. Nxd7 Qxd7 18. Bxf5 Qxf5 19. Qxf5 Nxf5 20. Rae1 Kf7 21. g4 Nd6 22. Nd2 Rxe2 23. Rxe2 Re8 24. Rxe8 Kxe8 25. Kg2 Ne4 26. Nxe4 dxe4 27. f3 exf3+ 28. Kxf3 Ke7 29. Ke4 Kd6 30. c4 c5 31. d5 a5 32. a4 b6 33. h4 h6 34. h5 gxh5 35. gxh5 Kd7 36. Kf5 Ke7 37. b3 Kd7 38. Kxf6 Kd6 39. Kg6 Ke7 40. Kxh6 Kf7 41. d6 Ke6 42. Kg6 Kxd6 43. h6 Kc6 44. h7 Kc7 45. h8=Q Kb7 46. Qd8 Ka7 47. Kf6 Kb7 48. Ke6 Ka7 49. Kd6 Kb7 50. Qd7+ Ka8 51. Kc6 Kb8 52. Qb7# 1-0

[Event "74. C.to Provinciale VE"]
[Site "Marghera ITA"]
[Date "2014.01.26"]
[Round "4.8"]
[White "Settimo, Silvia"]
[Black "Polese, Marco"]
[Result "0-1"]
[WhiteElo "1440"]
[BlackElo "1915"]
[Annotator "Gabriele Ballarin"]
[PlyCount "60"]
[EventDate "2014.01.24"]
[EventType "swiss"]
[EventRounds "1"]
[EventCountry "ITA"]
[SourceTitle "EXT 2013"]
[Source "ChessBase"]
[SourceDate "2012.11.22"]
[SourceVersion "1"]
[SourceVersionDate "2012.11.22"]
[SourceQuality "1"]

1. e4 e6 2. d4 d5 3. e5 c5 4. c3 Nc6 5. Nf3 Bd7 6. dxc5 Qc7 7. Be3 Nxe5 8. Nxe5 Qxe5 9. Qe2 Rc8 10. b4 Nh6 11. g3 Nf5 12. Bg2 Nxe3 13. Qxe3 Qxe3+ 14. fxe3 g6 15. O-O Bb5 16. Re1 Bg7 17. a3 Bd3 18. Rd1 Bxb1 19. Raxb1 Bxc3 20. Bh3 O-O 21. Rb3 Be5 22. Rbb1 Rc7 23. Rbc1 Bb2 24. Rc2 Bxa3 25. Ra1 Bxb4 26. Rxa7 Bxc5 27. Bg2 Bxe3+ 28. Kf1 Rxc2 29. Ra1 Rf2+ 30. Kg1 Ra2+ 0-1

[Event "74. C.to Provinciale VE"]
[Site "Marghera ITA"]
[Date "2014.01.26"]
[Round "4.9"]
[White "Barbieri, Lorenzo"]
[Black "Latella, Tommaso"]
[Result "1/2-1/2"]
[WhiteElo "1824"]
[BlackElo "1425"]
[Annotator "Gabriele Ballarin"]
[PlyCount "120"]
[EventDate "2014.01.24"]
[EventType "swiss"]
[EventRounds "1"]
[EventCountry "ITA"]
[SourceTitle "EXT 2012"]
[Source "ChessBase"]
[SourceDate "2011.11.24"]
[SourceVersion "1"]
[SourceVersionDate "2011.11.24"]
[SourceQuality "1"]

1. e4 d6 2. d4 Nf6 3. Nd2 g6 4. b3 Bg7 5. Bb2 Nbd7 6. f4 c5 7. Ngf3 O-O 8. Bd3 Ng4 9. Qe2 cxd4 10. Nxd4 e5 11. Qxg4 exd4 12. Qf3 Nc5 13. O-O b6 14. Qf2 d5 15. e5 Nxd3 16. cxd3 Bf5 17. Qxd4 Re8 18. Qe3 Bf8 19. d4 Rc8 20. Rac1 Qd7 21. Nf3 h6 22. Rxc8 Rxc8 23. Rc1 Rxc1+ 24. Qxc1 Be4 25. Nd2 Bd3 26. Qc3 Qf5 27. h3 h5 28. Kh1 Bh6 29. g4 hxg4 30. hxg4 Be4+ 31. Nxe4 Qxe4+ 32. Kg1 Bxf4 33. a4 Qe2 34. Qc8+ Kg7 35. Ba3 Be3+ 36. Kh1 Qf3+ 37. Kh2 Bxd4 38. g5 Bxe5+ 39. Kg1 Qe3+ 40. Kf1 Qxg5 41. Qf8+ Kh7 42. Qxf7+ Bg7 43. Qxa7 Qf5+ 44. Kg2 Qc2+ 45. Kf1 Qxb3 46. Be7 Qf3+ 47. Kg1 Qf7 48. Qd7 Bd4+ 49. Kh2 Qf2+ 50. Kh3 Qf5+ 51. Qxf5 gxf5 52. Kg3 Be5+ 53. Kf3 Kg6 54. Bd8 Bd4 55. Kf4 Bc3 56. Bxb6 d4 57. Bd8 Bd2+ 58. Kf3 d3 59. a5 Bxa5 60. Bxa5 Kf6 1/2-1/2

[Event "74. C.to Provinciale VE"]
[Site "Marghera ITA"]
[Date "2014.01.26"]
[Round "4.10"]
[White "Nardin, Loris"]
[Black "Mastrogiovanni, Giulio"]
[Result "0-1"]
[WhiteElo "1440"]
[BlackElo "1503"]
[Annotator "Gabriele Ballarin"]
[PlyCount "144"]
[EventDate "2014.01.24"]
[EventType "swiss"]
[EventRounds "1"]
[EventCountry "ITA"]
[SourceTitle "EXT 2012"]
[Source "ChessBase"]
[SourceDate "2011.11.24"]
[SourceVersion "1"]
[SourceVersionDate "2011.11.24"]
[SourceQuality "1"]

1. e4 e5 2. Nf3 Nf6 3. Nxe5 d6 4. Nf3 Nxe4 5. d4 d5 6. Be3 c5 7. dxc5 Bxc5 8. Bxc5 Nxc5 9. Bb5+ Nbd7 10. Qxd5 Qc7 11. O-O O-O 12. Re1 Nf6 13. Qd1 Qb6 14. Qe2 a6 15. Bd3 Qxb2 16. Nbd2 Nxd3 17. cxd3 Bg4 18. Reb1 Bxf3 19. gxf3 Qd4 20. Ne4 Rad8 21. Rd1 Rd7 22. Qe3 Rfd8 23. Rac1 h6 24. Nc5 Qxe3 25. fxe3 Rc7 26. d4 g5 27. h3 a5 28. a4 b6 29. Na6 Rxc1 30. Rxc1 h5 31. Rc6 Nd5 32. e4 Nf4 33. d5 Nxh3+ 34. Kh2 Nf4 35. Rxb6 h4 36. Rb5 Rc8 37. Rc5 Rxc5 38. Nxc5 Kf8 39. d6 Ne6 40. Nb7 Ke8 41. Nxa5 Nc5 42. e5 Kd7 43. Kh3 Nxa4 44. Nb7 Nb2 45. Nc5+ Kc6 46. Ne4 Nd3 47. f4 gxf4 48. Kxh4 Nxe5 49. Nf2 Kxd6 50. Kh3 Ng6 51. Kg4 Ke5 52. Kf3 f5 53. Nd3+ Ke6 54. Nc5+ Kf6 55. Nd7+ Kg5 56. Nc5 Nh4+ 57. Kf2 Kg4 58. Nb3 f3 59. Nd2 Kf4 60. Nc4 Ke4 61. Nd2+ Ke5 62. Nc4+ Kf4 63. Nd2 Kg4 64. Nc4 Ng2 65. Nd2 Nh4 66. Nc4 Ng6 67. Nd2 Ne5 68. Nb1 Nd3+ 69. Kf1 Kg3 70. Nd2 Nb2 71. Nb3 Nc4 72. Nd4 Nd2+ 0-1

[Event "74. C.to Provinciale VE"]
[Site "Marghera ITA"]
[Date "2014.01.26"]
[Round "4.11"]
[White "Maggiolo, Italo"]
[Black "Bertaggia, Mirco"]
[Result "0-1"]
[WhiteElo "1440"]
[BlackElo "1440"]
[Annotator "Gabriele Ballarin"]
[PlyCount "70"]
[EventDate "2014.01.24"]
[EventType "swiss"]
[EventRounds "1"]
[EventCountry "ITA"]
[SourceTitle "EXT 2013"]
[Source "ChessBase"]
[SourceDate "2012.11.22"]
[SourceVersion "1"]
[SourceVersionDate "2012.11.22"]
[SourceQuality "1"]

1. g3 d5 2. e3 e5 3. Bg2 Nf6 4. d3 c6 5. b3 Qa5+ 6. Bd2 Bb4 7. Nf3 Bg4 8. h3 Bh5 9. g4 Bg6 10. Nxe5 O-O 11. Nxg6 fxg6 12. a3 Bxd2+ 13. Qxd2 Qc7 14. O-O Nbd7 15. Nc3 Ne5 16. d4 Nf7 17. Rae1 Ng5 18. f4 Ne6 19. e4 dxe4 20. Bxe4 Nxe4 21. Rxe4 Rae8 22. Ne2 Qd6 23. b4 Qd5 24. Qc3 Qxe4 25. Qd2 Nc7 26. Rf2 Nd5 27. c4 Ne3 28. Nc3 Qe7 29. Rf3 Nxc4 30. Qd3 Qe1+ 31. Rf1 Qe3+ 32. Qxe3 Rxe3 33. Nd1 Rxh3 34. a4 Rg3+ 35. Kh2 Rxg4 0-1

[Event "74. C.to Provinciale VE"]
[Site "Marghera ITA"]
[Date "2014.01.26"]
[Round "5.1"]
[White "Zamengo, Fulvio"]
[Black "Xia, Jie"]
[Result "1/2-1/2"]
[WhiteElo "2140"]
[BlackElo "2259"]
[Annotator "Gabriele Ballarin"]
[PlyCount "35"]
[EventDate "2014.01.24"]
[EventType "swiss"]
[EventRounds "1"]
[EventCountry "ITA"]
[SourceTitle "EXT 2013"]
[Source "ChessBase"]
[SourceDate "2012.11.22"]
[SourceVersion "1"]
[SourceVersionDate "2012.11.22"]
[SourceQuality "1"]

1. e4 c5 2. Nf3 Nc6 3. d4 cxd4 4. Nxd4 g6 5. c4 Bg7 6. Be3 Nf6 7. Nc3 O-O 8. Be2 d6 9. O-O Bd7 10. Nc2 Rc8 11. Qd2 a6 12. f3 Re8 13. Nd5 Nxd5 14. cxd5 Ne5 15. Rac1 Nc4 16. Bxc4 Rxc4 17. Nd4 Rxc1 18. Rxc1 1/2-1/2

[Event "74. C.to Provinciale VE"]
[Site "Marghera ITA"]
[Date "2014.01.26"]
[Round "5.2"]
[White "Boscolo, Marco"]
[Black "Mileto, Gabriele"]
[Result "1/2-1/2"]
[WhiteElo "2128"]
[BlackElo "2158"]
[Annotator "Gabriele Ballarin"]
[PlyCount "64"]
[EventDate "2014.01.24"]
[EventType "swiss"]
[EventRounds "1"]
[EventCountry "ITA"]
[SourceTitle "EXT 2013"]
[Source "ChessBase"]
[SourceDate "2012.11.22"]
[SourceVersion "1"]
[SourceVersionDate "2012.11.22"]
[SourceQuality "1"]

1. d4 d5 2. c4 c6 3. Nc3 Nf6 4. Nf3 a6 5. e3 b5 6. b3 Bg4 7. h3 Bh5 8. Be2 e6 9. Bb2 Nbd7 10. O-O Bd6 11. cxd5 cxd5 12. Ne5 Bxe2 13. Nxe2 Qb8 14. Nxd7 Kxd7 15. f3 Rc8 16. Qd3 g6 17. e4 Be7 18. Rad1 Qc7 19. e5 Ne8 20. Qd2 Qc2 21. Nc1 Qxd2 22. Rxd2 Rc6 23. Nd3 Rac8 24. Kf2 b4 25. Ra1 Rb8 26. Ke2 Nc7 27. Rc1 Rxc1 28. Bxc1 Nb5 29. Bb2 Rc8 30. Kd1 a5 31. Rc2 Rxc2 32. Kxc2 h5 1/2-1/2

[Event "74. C.to Provinciale VE"]
[Site "Marghera ITA"]
[Date "2014.01.26"]
[Round "5.3"]
[White "Donzella, Daniele"]
[Black "Zamengo, Bruno"]
[Result "0-1"]
[WhiteElo "1500"]
[BlackElo "1949"]
[Annotator "Gabriele Ballarin"]
[PlyCount "122"]
[EventDate "2014.01.24"]
[EventType "swiss"]
[EventRounds "1"]
[EventCountry "ITA"]
[SourceTitle "EXT 2013"]
[Source "ChessBase"]
[SourceDate "2012.11.22"]
[SourceVersion "1"]
[SourceVersionDate "2012.11.22"]
[SourceQuality "1"]

1. d4 Nf6 2. c4 c5 3. d5 b5 4. cxb5 a6 5. e3 axb5 6. Bxb5 g6 7. Nc3 Bg7 8. a4 O-O 9. Nf3 Na6 10. e4 d6 11. h3 Nb4 12. Na2 Nxa2 13. Rxa2 Nxe4 14. Qc2 Nf6 15. Bc6 Ra7 16. b3 Ba6 17. Bb2 Qc8 18. Bxf6 Bxf6 19. Nd2 Qb8 20. Nc4 Qb4+ 21. Ke2 Rb8 22. Kf3 Qxb3+ 23. Ne3 Bd4 24. Re1 Qxc2 25. Rxc2 Rb3 26. g4 Bb7 27. Bxb7 Rbxb7 28. Ra2 Rb4 29. a5 Rb2 30. Rxb2 Bxb2 31. Nc4 Bc3 32. Re3 Bb4 33. Re2 Kf8 34. Ra2 Ra6 35. Ke4 e6 36. f4 f5+ 37. gxf5 gxf5+ 38. Kd3 exd5 39. Ne3 Rxa5 40. Rxa5 Bxa5 41. Nxd5 Kf7 42. Kc4 Ke6 43. Ne3 Bd2 44. Ng2 Bc1 45. h4 h5 46. Kd3 Kd5 47. Kc2 Ba3 48. Ne3+ Ke4 49. Nc4 Bb4 50. Nxd6+ Kxf4 51. Kd3 Kg4 52. Ke3 f4+ 53. Kf2 Kxh4 54. Kf3 Bd2 55. Ne4 Be3 56. Nd6 Kg5 57. Ne4+ Kf5 58. Nd6+ Ke5 59. Ne4 c4 60. Nc3 Kd4 61. Ne2+ Kd3 0-1